000 00528nam a2200181 a 4500
001 000017522
005 20240412074247.0
008 100326s1908 dr 000 p spa d
040 _aDO-SdBNP
_bspa
_cBNPHU
082 _aRD861.4
_bL864m
100 1 _aLópez, Rafael María
_938266
245 1 0 _aMariano y Emilia /
_cRafael María López.
260 _aSanto Domingo :
_bJ. R., Vda. García,
_c1908.
300 _a[20 p.] ;
_c20 cm.
650 0 _aPoesía dominicana
_966
650 0 _aLiteratura dominicana.
_967
049 _aBNPD
999 _c17047
_d17047